Normal view MARC view
  • Payarols, Francisco

Entry Nombre Personal

Number of records used in: 3

001 - NUMERO DE CONTROL

  • campo de control: 47169

003 - IDENTIFICADOR DE NUMERO DE CONTROL

  • campo de control: DLC

005 - FECHA Y HORA DE LA ÜLTIMA TRANSACCIÓN

  • campo de control: 20221020122328.0

008 - DATOS DE LONGITUD FIJA

  • campo de control de longitud fija: 080826n| azannaabn |a aaa c

010 ## - NÚMERO DE CONTROL DE LA BIBLIOTECA DEL CONGRESO

  • Número de control LC: no2008124314

035 ## - NUMERO DE CONTROL

  • Número de control: (OCoLC)oca07861065

040 ## - FUENTE DE CATALOGACIÓN

  • Agencia original de catalogación: MXMxUNAM
  • Lenguaje de catalogación: spa
  • Description conventions: rda
  • Agencia de transcripción: MXMxUNAM
  • Agencia que lo modifica: UPB
  • Agencia que lo modifica: MX-MxUPN

046 ## - FECHAS CON CODIFICACIÓN ESPECIAL

  • Fecha de nacimiento: 1896
  • Fecha de muerte: 1998

100 1# - ENCABEZAMIENTO - NOMBRE PERSONAL

  • Nombre personal: Payarols, Francisco

374 ## - OCUPACIÓN

  • Occupation: Traductor

377 ## - LENGUA ASOCIADA

  • Language code: spa

378 ## - FORMA COMPLETA DE NOMBRE PERSONAL

  • Fuller form of personal name: Payarols Casas

400 1# - VEÁSE - NOMBRE DE PERSONA

  • Personal name: Payarols Casas, Francisco

400 1# - VEÁSE - NOMBRE DE PERSONA

  • Personal name: Payarols, Francesc

400 1# - VEÁSE - NOMBRE DE PERSONA

  • Personal name: Payarols, F.
  • Fuller form of name: (Francisco)

670 ## - FUENTE EN LA QUE SE LOCALIZARON DATOS

  • Cita de la fuente: El Atlántico, 1942:
  • Información localizada: portada (Francisco Payarols)

670 ## - FUENTE EN LA QUE SE LOCALIZARON DATOS

  • Cita de la fuente: Els senyosr de Golovliovi, 1931:
  • Información localizada: portada (Francesc Payarols)

670 ## - FUENTE EN LA QUE SE LOCALIZARON DATOS

  • Cita de la fuente: Miguel Angel, 1974:
  • Información localizada: portada (Francisco Payarols Casas)

670 ## - FUENTE EN LA QUE SE LOCALIZARON DATOS

  • Cita de la fuente: National Library of Spain , June 30, 2008:
  • Información localizada: (hdg. Payarols, Francisco; usage: Payarols, Francesc; Payarols Casas, Francisco; Payarols, F.)

670 ## - FUENTE EN LA QUE SE LOCALIZARON DATOS

  • Cita de la fuente: Del Orinoco al Amazonas, 1962:
  • Información localizada: portada (traducción de la segunda edición alemana por Francisco Payarols)

670 ## - FUENTE EN LA QUE SE LOCALIZARON DATOS

  • Cita de la fuente: OCLC, Mar. 21, 2013
  • Información localizada: (access points: Payarols, Francisco, 1896-1998; Payarols, Francisco; Payarols, F.; Payarols Casas, Francisco; Payarols Casa, Francisco; Payarolls, Francisco ; usage: Francisco Payarols; F. Payarols; Francisco Payarols Casas)

670 ## - FUENTE EN LA QUE SE LOCALIZARON DATOS

  • Cita de la fuente: La escuela nueva y sus procedimientos didácticos, 1937:
  • Información localizada: portada (Francisco Payarols, traductor)

902 ## - CATALOGADOR

  • Catalogador: Víctor Ruiz/201022